Metal Gear Songs By Subtle Hints - Statistics

General Stats
  • This quiz has been taken 15 times
  • The average score is 4 of 8
Answer Stats
Hint Game Answer % Correct
A 60's-Inspired Spy Flick that has lyrics about weird dietary choices MGS3 Snake Eater
100%
Song about identity and memories that may or may not be in the games, Invisible
75%
Moody, Synth-Driven cover about meeting a doppelgänger, losing memory, and having a fragmented personality MGSV The Man Who Sold The World
75%
A real-world protest song originally by Ennio Morricone and Joan Baez about the execution of 2 Italian Anarchists MGS4 Heres to you
63%
The song that famously syncs its lyrics to the moment you parry a giant machine’s blade and throw it into the air. MGR Rules of Nature
50%
High-Octane song about 2 men realizing they aren't so different after all, almost sounding like an apology MGR Be This Way / Standing Here I Realize
25%
A soaring ballad that plays during a literal flight into the unknown in Costa Rica. MGSPW Heavens Divide
25%
Famous for its "Whoaaaa-hooooo" vocal swell that defined MGSV earliest trailers. MGSV Sins of a Father
13%
No matching quizzes found
Score Distribution
Percent of People with Each Score
Percentile by Number Answered
Your Score History
You have not taken this quiz